000 00558nam a2200193Ia 4500
005 20250508165321.0
008 008 250505s9999 xx 000 0 hin d
037 _aDissertations
040 _aFEDL
_beng
_cFEDL
041 _ahin
_2eng
084 _a377, HAR/DI
_qFEDL
100 _aHarpreet Singh
245 0 _aGurmat mein shiksha ki sankalpna: Siddh goshti ek vivechan
260 _c2013
300 _a65p.
546 _aM.Ed. Dissertation (Delhi University); C D Included
942 _cDIS
_h377, HAR/DI
999 _c1394413
_d1394413